Reptiles Alphabet Quiz - Statistics

General Stats
  • This quiz has been taken 144 times
  • The average score is 10 of 26
Answer Stats
Letter Clue Answer % Correct
A A decent amount of "Florida Man" stories involve this animal. Alligator
96%
C "Karma, karma, karma, karma, karma ..." Chameleon
70%
I A lizard from South America, the Caribbean, and somehow Fiji. Iguana
69%
P A constricting snake from Africa, Asia, and Australia. Python
64%
K This large animal is named after the one island it inhabits. Komodo Dragon
62%
N A river predator named after the longest river in its home continent. Nile Crocodile
58%
V A venomous reptile with a very cool sounding name. Viper
52%
G This animal is named after the Ecuadorian islands it inhabits. Galapagos Tortoise
48%
E This constricting snake is named after a type of jewel. Emerald Boa Constrictor
45%
S The largest reptile in the world, this massive creature is known for swimming in the ocean. Saltwater Crocodile
44%
B An animal named after the shape of its shell. Box Turtle
39%
T A reptile native to New Zealand that hardly moves at all and has a third "eye" in its forehead. Tuatara
36%
Z Somehow, there's a reptile named after this horse-like animal, too! This particular name-piggybacker has fangs charged with venom. Zebra Snake/Zebra (Spitting) Cobra
36%
M Another famous reptile from the Galapagos islands. Marine Iguana
33%
F A well-known Australian animal with a crazy neck. Frilled Lizard
32%
D A small gliding reptile from the Indonesian islands. Draco (Lizard)
27%
J An invisibility lizard with triceratops horns. Jackson's Chameleon
26%
H A sea creature with a "bird-like" mouth. Hawksbill Sea Turtle
25%
R This reptile is known for its distinctive sound. Rattlesnake
22%
O A specific species of the reptile bellow, the specific species name being that of both a fruit and a shade of green. Olive Python
21%
U This desert lizard lives in Africa and Asia, and has a spine-covered tail. Uromastyx
19%
Q This aquatic reptile is roalty. Queen Snake
14%
Y This South Asian snake is a particular color. Yellow Cobra
14%
L A Madagascan lizard with a unique tail. Leaf-Tailed Gecko
7%
W This small reptile is often kept as a pet. Water Dragon
4%
X If you remember the answer to this letter of the bird quiz, that same person got a lizard named after them as well. (This was the only reptile I could find for this letter.) Xantu's Leaf-Toed Gecko
2%
No matching quizzes found
Score Distribution
Percent of People with Each Score
Percentile by Number Answered
Your Score History
You have not taken this quiz